000
00202 a2200097 4500
001
3847
100
_a
Barnard, R.J.A
245
_a
Elementary dynamics
260
_a
_b
Macmillan
_c
090
_c
3078
_d
3078
942
_a
NUST-CAE
_c
M
_c
23091
999
_c
238920
_d
238920